Changes in arrests following decriminalization of low-level drug possession in Oregon and Washington

Guardado en:  
Detalles Bibliográficos
Autores principales: Davis, Corey S. (Autor) ; Cerdá, Magdalena (Autor) ; Rivera, Bianca D. (Autor) ; Joshi, Spruha (Autor)
Tipo de documento: Electrónico Artículo
Lenguaje:Inglés
Publicado: 2023
En: International journal of drug policy
Año: 2023, Volumen: 119
Acceso en línea: Volltext (kostenfrei)
Verificar disponibilidad: HBZ Gateway

MARC

LEADER 00000caa a22000002c 4500
001 1912474727
003 DE-627
005 20250111055056.0
007 cr uuu---uuuuu
008 241217s2023 xx |||||o 00| ||eng c
024 7 |a 10.1016/j.drugpo.2023.104155  |2 doi 
035 |a (DE-627)1912474727 
035 |a (DE-599)KXP1912474727 
040 |a DE-627  |b ger  |c DE-627  |e rda 
041 |a eng 
084 |a 2,1  |2 ssgn 
100 1 |a Davis, Corey S.  |e VerfasserIn  |4 aut 
245 1 0 |a Changes in arrests following decriminalization of low-level drug possession in Oregon and Washington 
264 1 |c 2023 
336 |a Text  |b txt  |2 rdacontent 
337 |a Computermedien  |b c  |2 rdamedia 
338 |a Online-Ressource  |b cr  |2 rdacarrier 
700 1 |a Cerdá, Magdalena  |e VerfasserIn  |4 aut 
700 1 |a Rivera, Bianca D.  |e VerfasserIn  |4 aut 
700 1 |a Joshi, Spruha  |e VerfasserIn  |4 aut 
773 0 8 |i Enthalten in  |t International journal of drug policy  |d Amsterdam [u.a.] : Elsevier Science, 1998  |g 119(2023)  |h Online-Ressource  |w (DE-627)320482693  |w (DE-600)2010000-0  |w (DE-576)259271349  |x 1873-4758  |7 nnas 
773 1 8 |g volume:119  |g year:2023 
787 0 8 |i Forschungsdaten  |a United States. Bureau of Justice Statistics  |t National Incident-Based Reporting System, 2021: Extract Files  |d [Erscheinungsort nicht ermittelbar] : [Verlag nicht ermittelbar], 2023  |w (DE-627)1902796217 
787 0 8 |i Forschungsdaten  |a USA. Bureau of Justice Statistics  |t National Incident-Based Reporting System, 2020: Extract Files  |d [Erscheinungsort nicht ermittelbar] : [Verlag nicht ermittelbar], 2022  |w (DE-627)1840036168 
787 0 8 |i Forschungsdaten  |a USA. Bureau of Justice Statistics  |t National Incident-Based Reporting System, 2019: Extract Files  |d [Erscheinungsort nicht ermittelbar] : [Verlag nicht ermittelbar], 2022  |w (DE-627)1840036125 
856 4 0 |u https://doi.org/10.1016/j.drugpo.2023.104155  |x Resolving-System  |z kostenfrei  |3 Volltext  |7 0 
935 |a mkri 
951 |a AR 
ELC |a 1 
LOK |0 000 xxxxxcx a22 zn 4500 
LOK |0 001 463744022X 
LOK |0 003 DE-627 
LOK |0 004 1912474727 
LOK |0 005 20241217044214 
LOK |0 008 241217||||||||||||||||ger||||||| 
LOK |0 035   |a (DE-2619)ICPSR170445 
LOK |0 040   |a DE-2619  |c DE-627  |d DE-2619 
LOK |0 092   |o n 
LOK |0 852   |a DE-2619 
LOK |0 852 1  |9 00 
LOK |0 935   |a nacp 
LOK |0 939   |a 17-12-24  |b l01 
OAS |a 1 
ORI |a SA-MARC-krimdoka001.raw